000 00781nam a2200229Ia 4500
001 21726
005 20260407113508.0
008 260320s9999||||xx |||||||||||||| ||und||
020 _a9786123331580
041 _aESP
082 _a344.524
_bR68
100 _aRivas la Madrid, Sofia,
_eAUT
245 0 _aEl delito de agresiones contra la mujer y entorno familiar :
_bel contexto coercitivo y sus características
250 _aPrimera edición
260 _aLima :
_bGaceta Jurídica,
_c2025
300 _a367 páginas :
_bcuadros ;
_c25 cm.
650 _aCIS
653 _aDerecho; Derecho penal; Delito de agresiones contra la mujer
654 _aCDE
856 _uhttps://www-jstor-org.ucsp.lookproxy.com/
_zVéase además: Base de datos JSTOR
942 _cLIB
_dJUS
_fMIP
_2ddc
999 _c21726
_d21726